Türkiye in Eurovision (1975-2012) - Statistics

General Stats
  • This quiz has been taken 17 times
  • The average score is 10 of 34
Answer Stats
Year Song title Result % Correct
2010 We Could Be the Same 2
93%
2003 Everyway That I Can 1
87%
2009 Düm Tek Tek 4
80%
2012 Love Me Back 7
73%
2008 Deli 7
67%
2004 For Real 4
67%
1997 Dinle 3
60%
2007 Shake It Up Şekerim 4
60%
1985 Didai didai dai 14
47%
2011 Live It Up 13 (SF)
33%
1980 Pet'r Oil 15
33%
2005 Rimi Rimi Ley 13
33%
2006 Süper Star 11
33%
1983 Opera 19
27%
1986 Halley 9
20%
1975 Seninle Bir Dakika 19
20%
1995 Sev! 16
20%
1989 Bana Bana 21
13%
1996 Beşinci Mevsim 12
13%
1993 Esmer Yarim 21
13%
1991 İki Dakika 12
13%
2001 Sevgiliye Son 11
13%
1978 Sevince 18
13%
1999 Dön Artık 16
7%
1990 Gözlerinin Hapsindeyim 17
7%
1984 Halay 12
7%
1982 Hani? 15
7%
1987 Şarkım Sevgi Üstüne 22
7%
1988 Sufi (Hey Ya Hey) 15
7%
1998 Unutamazsın 14
7%
1992 Yaz Bitti 19
7%
2000 Yorgunum Anla 10
7%
1981 Dönme Dolap 18
0%
2002 Leylaklar Soldu Kalbinde 16
0%
No matching quizzes found
Score Distribution
Percent of People with Each Score
Percentile by Number Answered
Your Score History
You have not taken this quiz